[Event "III Festival Terre degli Elimi A"]
[Site "Erice ITA"]
[Date "2012.07.28"]
[Round "5"]
[White "Savalla, Gianluca"]
[Black "Meo, Antonino"]
[WhiteElo "1572"]
[BlackElo "1646"]
[Result "1/2-1/2"]
[PlyCount "51"]
[EventDate "2012.07.25"]

1. d4 e6 2. Nf3 f5 3. e3 Nf6 4. Bd3 Be7 5. Nbd2 O-O 6. c3 Nc6 7. O-O d6 8. Re1
Qe8 9. e4 fxe4 10. Nxe4 Qh5 11. Ng3 Qf7 12. Bc2 e5 13. dxe5 dxe5 14. Bb3 Be6
15. Bxe6 Qxe6 16. Be3 Rad8 17. Qb3 Qxb3 18. axb3 Ng4 19. Bc1 Bc5 20. Rf1 h5 21.
h4 Nxf2 22. Rxf2 Rd1+ 23. Nf1 e4 24. Nd4 Nxd4 25. Rxf8+ Kxf8 26. cxd4 1/2-1/2

[Event "III Festival Terre degli Elimi A"]
[Site "Erice ITA"]
[Date "2012.07.28"]
[Round "5"]
[White "Valguarnera, Girolamo"]
[Black "Calamia, Gianpaolo"]
[WhiteElo "2118"]
[BlackElo "1660"]
[Result "1-0"]
[PlyCount "83"]
[EventDate "2012.07.25"]

1. e4 c5 2. Nf3 d6 3. d4 cxd4 4. Nxd4 Nf6 5. Nc3 g6 6. Be2 Bg7 7. O-O Nc6 8.
Be3 O-O 9. Nb3 a6 10. f4 b5 11. Bf3 Bb7 12. Qe2 Qc7 13. Qf2 Rae8 14. g4 e5 15.
f5 gxf5 16. gxf5 Kh8 17. Rad1 Rg8 18. Kh1 Ne7 19. Bg5 b4 20. Qh4 bxc3 21. Bxf6
Bxf6 22. Qxf6+ Rg7 23. Qxd6 Qxd6 24. Rxd6 Nc8 25. Rdd1 cxb2 26. Rb1 Nd6 27. Nc5
Nc4 28. Rfd1 Bc8 29. Nd3 Ne3 30. Rd2 Reg8 31. Nxb2 Bb7 32. Nd3 f6 33. Nc5 Ba8
34. Ne6 Rb7 35. Rxb7 Bxb7 36. Nd8 Bc8 37. Bh5 Kg7 38. Rd3 Kh6 39. Be2 Nxc2 40.
Nf7+ Kg7 41. Nd6 Nd4 42. Rg3+ 1-0

[Event "III Festival Terre degli Elimi A"]
[Site "Erice ITA"]
[Date "2012.07.29"]
[Round "6"]
[White "Batsiashvili, Nino"]
[Black "Epishin, Vladimir V."]
[WhiteElo "2434"]
[BlackElo "2567"]
[Result "0-1"]
[PlyCount "114"]
[EventDate "2012.07.25"]

1. d4 Nf6 2. c4 e6 3. g3 Bb4+ 4. Bd2 Bxd2+ 5. Nxd2 d6 6. Bg2 O-O 7. e4 e5 8.
Ne2 Bg4 9. f3 Bd7 10. Nf1 c5 11. d5 b5 12. Ne3 bxc4 13. Nc3 Ne8 14. O-O Na6 15.
Nxc4 Nac7 16. a4 Rb8 17. f4 exf4 18. gxf4 Bc8 19. Rf2 Rb4 20. b3 Ba6 21. Na2
Rb8 22. Na5 Bb7 23. b4 Na6 24. Nxb7 Rxb7 25. b5 Nb8 26. Nc3 Qa5 27. Qe1 Re7 28.
e5 Nd7 29. Ne4 Qb6 30. Rd1 dxe5 31. d6 Re6 32. f5 Rh6 33. Rfd2 a6 34. Qe2 c4+
35. Qf2 Qxf2+ 36. Rxf2 axb5 37. axb5 Nef6 38. Ra2 Rh4 39. Nxf6+ gxf6 40. Bc6
Nb8 41. d7 Rd8 42. Ra8 Rd4 43. Rc1 Nxc6 44. bxc6 Rxa8 45. Rb1 Kg7 46. Rb8 Rxb8
47. c7 Rb1+ 48. Kf2 Rxd7 49. c8=Q Rd4 50. h3 Rb2+ 51. Ke1 Rf4 52. Qc5 Rbf2 53.
h4 c3 54. h5 h6 55. Qc6 Rf1+ 56. Ke2 R4f2+ 57. Kd3 c2 0-1

[Event "III Festival Terre degli Elimi A"]
[Site "Erice ITA"]
[Date "2012.07.29"]
[Round "6"]
[White "Bocci, Alessandro"]
[Black "D'Eredita', Elena"]
[WhiteElo "1905"]
[BlackElo "1634"]
[Result "1/2-1/2"]
[PlyCount "50"]
[EventDate "2012.07.25"]

1. d4 Nf6 2. c4 g6 3. Nc3 Bg7 4. e4 d6 5. Nf3 O-O 6. Be2 Re8 7. Bg5 h6 8. Bh4
g5 9. Bg3 Nh5 10. Qd2 Bg4 11. O-O-O Nc6 12. Qe3 f5 13. exf5 Bxf5 14. d5 Nb4 15.
Nd4 Bxd4 16. Qxd4 Nf6 17. h4 e5 18. Qe3 Nc2 19. Qf3 Qd7 20. hxg5 hxg5 21. Nb1
Nd4 22. Qe3 Qa4 23. Bd3 Bxd3 24. Qxd3 Kg7 25. Nc3 Qd7 1/2-1/2

[Event "III Festival Terre degli Elimi A"]
[Site "Erice ITA"]
[Date "2012.07.29"]
[Round "6"]
[White "Campo, Renato"]
[Black "Valguarnera, Girolamo"]
[WhiteElo "2000"]
[BlackElo "2118"]
[Result "0-1"]
[PlyCount "78"]
[EventDate "2012.07.25"]

1. d4 Nf6 2. Nc3 c5 3. dxc5 g6 4. Rb1 Bg7 5. e4 O-O 6. Nf3 Qc7 7. b4 Nc6 8. Bc4
Nxb4 9. Be3 Nc6 10. O-O Qa5 11. Qd2 Ng4 12. Nd5 Nxe3 13. Qxe3 e6 14. Rb5 Qa4
15. Bb3 Qxb5 16. Nc7 Qa5 17. Nxa8 Rd8 18. Qf4 Qxc5 19. Qc7 Be5 20. Nxe5 Qxe5
21. Qxe5 Nxe5 22. f4 Nc6 23. f5 Na5 24. Nc7 Nxb3 25. axb3 d5 26. fxe6 fxe6 27.
Rd1 Rd7 28. Nxe6 dxe4 29. Rf1 Rf7 30. Nd4 Rxf1+ 31. Kxf1 Kf7 32. Nb5 Ke6 33.
Nxa7 Bd7 34. Ke2 Ke5 35. Ke3 Kd5 36. c3 Kc5 37. c4 Kb6 38. Nb5 Bxb5 39. cxb5
Kxb5 0-1

[Event "III Festival Terre degli Elimi A"]
[Site "Erice ITA"]
[Date "2012.07.29"]
[Round "6"]
[White "Cannella, Carlo"]
[Black "Gelardi, Davide"]
[WhiteElo "1950"]
[BlackElo "1731"]
[Result "1-0"]
[PlyCount "121"]
[EventDate "2012.07.25"]

1. e4 e6 2. d4 d5 3. e5 c5 4. c3 Nc6 5. Nf3 Qb6 6. Bd3 Bd7 7. O-O cxd4 8. cxd4
Nh6 9. Bxh6 gxh6 10. Nbd2 Nxd4 11. a4 a5 12. Nxd4 Qxd4 13. Qe2 Bb4 14. Nf3 Qb6
15. Rfc1 Rg8 16. Bxh7 Rg7 17. Bd3 Ke7 18. g3 h5 19. Kg2 Rag8 20. h4 Bc6 21. Ng5
Qd4 22. Rc2 Kd7 23. Rac1 Rxg5 24. hxg5 Rxg5 25. Bb5 Rxe5 26. Bxc6+ Ke7 27. Qb5
bxc6 28. Rxc6 Be1 29. Qc5+ Qxc5 30. R6xc5 Bb4 31. Rc7+ Kf6 32. Kf3 Rf5+ 33. Ke2
e5 34. R1c6+ Kg5 35. f3 e4 36. fxe4 dxe4 37. Rc4 Kg4 38. Rxe4+ Kxg3 39. Re3+
Kg2 40. b3 Rd5 41. Rc2 f5 42. Rd3 Rxd3 43. Kxd3+ Kg3 44. Ke2 h4 45. Kf1 h3 46.
Kg1 f4 47. Rc6 Bd2 48. Rg6+ Kh4 49. Kf2 Kh5 50. Rg7 Bc3 51. Rg8 h2 52. Kg2 f3+
53. Kxh2 Be1 54. Kg1 f2+ 55. Kf1 Kh4 56. Rg2 Kh5 57. Rxf2 Bb4 58. Ke2 Kg6 59.
Kd3 Bc5 60. Rf3 Kg5 61. Kc4 1-0

[Event "III Festival Terre degli Elimi A"]
[Site "Erice ITA"]
[Date "2012.07.29"]
[Round "6"]
[White "Castelli, Giovanni J."]
[Black "Messina, Damiano"]
[WhiteElo "1805"]
[BlackElo "1939"]
[Result "0-1"]
[PlyCount "118"]
[EventDate "2012.07.25"]

1. e4 c6 2. d4 d5 3. f3 Nf6 4. Nc3 e6 5. Bg5 Bb4 6. e5 h6 7. Bh4 g5 8. Bf2 Nfd7
9. h4 c5 10. hxg5 Qxg5 11. Nh3 Qg7 12. f4 cxd4 13. Qxd4 Nc6 14. Qd2 Nc5 15.
Bxc5 Bxc5 16. O-O-O Bd7 17. Nb5 O-O-O 18. c3 f6 19. exf6 Qxf6 20. Nd4 Kb8 21.
Kb1 e5 22. Nxc6+ Bxc6 23. fxe5 Qxe5 24. Qf4 Bd6 25. Qd4 Rhf8 26. Bd3 Qg3 27.
Ng1 Qxg2 28. Rxh6 Rf2 29. Ne2 Rxe2 30. Bxe2 Qxe2 31. Rdh1 Qe4+ 32. Ka1 Qxd4 33.
cxd4 Kc7 34. Rh8 Rxh8 35. Rxh8 Bf4 36. Kb1 Bd7 37. Kc2 Bf5+ 38. Kc3 Be3 39. Re8
Be4 40. Re7+ Kc6 41. b4 Bf2 42. b5+ Kb6 43. a4 Be1+ 44. Kb3 Bd2 45. Re6+ Kc7
46. Re7+ Kc8 47. Re8+ Kc7 48. Re7+ Kb6 49. Re6+ Ka5 50. Re7 a6 51. bxa6 bxa6
52. Rd7 Be3 53. Kc3 Kxa4 54. Ra7 a5 55. Rb7 Bc1 56. Rg7 Ba3 57. Rg1 Bb4+ 58.
Kb2 Kb5 59. Rd1 a4 0-1

[Event "III Festival Terre degli Elimi A"]
[Site "Erice ITA"]
[Date "2012.07.29"]
[Round "6"]
[White "Fabiano, Giuseppe"]
[Black "Grasso, Gaetano"]
[WhiteElo "2113"]
[BlackElo "2032"]
[Result "0-1"]
[PlyCount "128"]
[EventDate "2012.07.25"]

1. e4 c5 2. Nf3 Nc6 3. c3 d5 4. d3 Bg4 5. Be2 Nf6 6. Nbd2 e6 7. O-O Bd6 8. Qc2
O-O 9. Re1 Qc7 10. Nf1 b5 11. Bg5 dxe4 12. dxe4 Bxf3 13. Bxf3 Ne5 14. Be2 Neg4
15. g3 c4 16. h3 Qc5 17. hxg4 Qxg5 18. Kg2 Nxg4 19. Qd1 Rad8 20. Bxg4 Bxg3 21.
Qf3 Be5 22. Kh1 b4 23. Re3 bxc3 24. bxc3 Bf4 25. Qg2 Bxe3 26. Nxe3 f5 27. exf5
exf5 28. Be2 Qf6 29. Bxc4+ Kh8 30. Bd5 f4 31. Ng4 Qxc3 32. Rd1 Rf5 33. Qf3 Qc5
34. Ne3 Rf6 35. Ng2 g5 36. Bb3 Rxd1+ 37. Bxd1 Qc6 38. Qxc6 Rxc6 39. Bf3 Rc2 40.
Kg1 Rxa2 41. Kf1 Kg7 42. Ne1 Rd2 43. Be4 h5 44. Nd3 Kf6 45. Ke1 Ra2 46. Kf1 a5
47. Ke1 a4 48. Bd5 Ra3 49. Kd2 h4 50. Bg2 Ra2+ 51. Kc3 Ra3+ 52. Kd4 Ra1 53. Bf3
h3 54. Ne5 a3 55. Ng4+ Kf5 56. Kc3 Rb1 57. Nh6+ Kf6 58. Ng4+ Ke7 59. Bd5 Kd6
60. Bf7 Rg1 61. Nh2 Rg2 62. Nf3 g4 63. Bh5 gxf3 64. Bxf3 a2 0-1

[Event "III Festival Terre degli Elimi A"]
[Site "Erice ITA"]
[Date "2012.07.29"]
[Round "6"]
[White "Ferrante, Filippo"]
[Black "Dagnino, Marcello"]
[WhiteElo "1583"]
[BlackElo "1488"]
[Result "0-1"]
[PlyCount "80"]
[EventDate "2012.07.25"]

1. c4 c5 2. Nc3 e6 3. Nf3 Nc6 4. b3 g6 5. Bb2 Bg7 6. Rb1 a6 7. Ne4 Bxb2 8. Rxb2
d6 9. d4 Nf6 10. Nxf6+ Qxf6 11. Rd2 O-O 12. g3 Rd8 13. Bg2 Ra7 14. Nh4 Nxd4 15.
e3 Nf5 16. Nxf5 exf5 17. O-O b6 18. Bc6 Bb7 19. Ba4 Ba8 20. f3 Qe6 21. e4 Re7
22. Re1 fxe4 23. fxe4 f6 24. Rde2 Qe5 25. Kf1 Qe6 26. b4 Qg4 27. Qd2 Kg7 28.
Bd1 Qg5 29. Qb2 cxb4 30. Qxb4 Qc5 31. Qc3 Qe5 32. Qc2 Rc8 33. Qb3 Qc5 34. Qa4
Qxc4 35. Qa3 Rc5 36. Bb3 Qd3 37. Rd1 Qf3+ 38. Rf2 Qh1+ 39. Ke2 Qxe4+ 40. Kd2
Qe3# 0-1

[Event "III Festival Terre degli Elimi A"]
[Site "Erice ITA"]
[Date "2012.07.29"]
[Round "6"]
[White "Ferrante, Marco"]
[Black "Amato, Andrea"]
[WhiteElo "2190"]
[BlackElo "2263"]
[Result "1/2-1/2"]
[PlyCount "31"]
[EventDate "2012.07.25"]

1. e4 c5 2. Nf3 d6 3. d4 Nf6 4. Nc3 cxd4 5. Nxd4 a6 6. Bg5 Nbd7 7. Bc4 Qb6 8.
Qd2 Qxb2 9. Rb1 Qa3 10. O-O h6 11. Bh4 Qa5 12. Nd5 Qxd2 13. Nc7+ Kd8 14. Nde6+
fxe6 15. Nxe6+ Ke8 16. Nc7+ 1/2-1/2

[Event "III Festival Terre degli Elimi A"]
[Site "Erice ITA"]
[Date "2012.07.29"]
[Round "6"]
[White "Galante, Benedetto"]
[Black "Mancuso, Fabrizio"]
[WhiteElo "1657"]
[BlackElo "1630"]
[Result "0-1"]
[PlyCount "132"]
[EventDate "2012.07.25"]

1. e4 e5 2. Nf3 Nf6 3. d3 Nc6 4. g3 Bc5 5. h3 d6 6. Bg2 O-O 7. O-O Be6 8. Bg5
h6 9. Bxf6 Qxf6 10. Nc3 Nd4 11. Na4 Nxf3+ 12. Bxf3 Bxh3 13. Nxc5 dxc5 14. Re1
Be6 15. Bg2 Rad8 16. Qe2 Rd4 17. b3 Qg5 18. Qf1 Qh5 19. Re3 Bg4 20. f3 Qg5 21.
Kf2 Bd7 22. Qe2 Rd6 23. f4 exf4 24. gxf4 Qxf4+ 25. Ke1 Qh4+ 26. Kd2 Rf6 27. Rh1
Qf2 28. Bf3 Qxe2+ 29. Kxe2 Re8 30. e5 Rb6 31. Rh4 Bc6 32. Bh5 Bd7 33. Kd2 Rbe6
34. Rhe4 Bc6 35. Rf4 g6 36. Rg3 Rxe5 37. Bxg6 fxg6 38. Rxg6+ Kh7 39. Rfg4 Rg5
40. R4xg5 hxg5 41. Rxg5 b6 42. Rf5 Kg6 43. Rf4 Kg7 44. a3 Rf8 45. Rg4+ Kf6 46.
Rh4 Ke7 47. Rh7+ Rf7 48. Rh6 Kd7 49. Rh8 a5 50. Rb8 Re7 51. Rh8 a4 52. bxa4
Bxa4 53. Ra8 Bc6 54. Rh8 Re8 55. Rh7+ Kc8 56. Kc3 Rf8 57. Kb2 Rf2 58. Rh4 Bb5
59. Kc3 Kb7 60. Rh1 Rf3 61. Rh4 c4 62. Kb4 cxd3 63. Kxb5 dxc2 64. Rc4 Rf2 65.
Rc3 Rf5+ 66. Kb4 Rc5 0-1

[Event "III Festival Terre degli Elimi A"]
[Site "Erice ITA"]
[Date "2012.07.29"]
[Round "6"]
[White "Galante, Carlotta"]
[Black "Savalla, Gianluca"]
[WhiteElo "1419"]
[BlackElo "1572"]
[Result "0-1"]
[PlyCount "104"]
[EventDate "2012.07.25"]

1. e4 e5 2. Nf3 d6 3. Bc4 Be7 4. c3 Nf6 5. d3 Nc6 6. Bb3 Bg4 7. h3 Bh5 8. Nbd2
O-O 9. O-O Qd7 10. Re1 Rfe8 11. Nf1 a6 12. Ng3 Bg6 13. Nh4 Kh8 14. Nxg6+ fxg6
15. Bg5 Rf8 16. Qd2 Rae8 17. Rad1 Nd8 18. d4 exd4 19. cxd4 Nf7 20. Bxf7 Rxf7
21. e5 dxe5 22. dxe5 Qxd2 23. Rxd2 Bb4 24. Rdd1 Bxe1 25. Rxe1 Nd5 26. e6 Rff8
27. e7 Rf7 28. Rd1 Nxe7 29. Rd7 h6 30. Rxe7 Rfxe7 31. Bxe7 Rxe7 32. Kf1 Kg8 33.
Ne2 Kf7 34. Nc3 c6 35. a3 Ke8 36. Ne2 Kd7 37. Nf4 g5 38. Nd3 Kd6 39. b4 b6 40.
g3 Kd5 41. Nb2 Kd4 42. Nd1 b5 43. h4 gxh4 44. gxh4 h5 45. Kg2 Re1 46. Ne3 Rxe3
47. fxe3+ Kxe3 48. Kg3 Ke4 49. Kg2 Kf4 50. Kh3 Kf3 51. Kh2 Kg4 52. Kg2 Kxh4 0-1

[Event "III Festival Terre degli Elimi A"]
[Site "Erice ITA"]
[Date "2012.07.29"]
[Round "6"]
[White "Ganci, Fabrizio"]
[Black "Savalla, Pietro"]
[WhiteElo "2156"]
[BlackElo "1834"]
[Result "1/2-1/2"]
[PlyCount "82"]
[EventDate "2012.07.25"]

1. d4 d5 2. Nf3 Nf6 3. c4 e6 4. Bg5 Be7 5. e3 Nbd7 6. cxd5 exd5 7. Nc3 c6 8.
Bd3 O-O 9. O-O Re8 10. h3 Ne4 11. Bf4 Ndf6 12. Ne5 Bd6 13. Rc1 Qe7 14. a3 Nxc3
15. Rxc3 c5 16. Qf3 c4 17. Bb1 b5 18. g4 Bb7 19. g5 Bxe5 20. Bxe5 Ne4 21. Bxe4
dxe4 22. Qg3 Qe6 23. Kh2 a5 24. Bd6 Red8 25. Bc5 Rd5 26. Rg1 Rf5 27. Rc2 Rf3
28. Qg4 Qxg4 29. Rxg4 Bc8 30. Rg3 Rxg3 31. Kxg3 f6 32. gxf6 gxf6 33. h4 Kf7 34.
Kf4 Bb7 35. Bb6 Bd5 36. Rc1 b4 37. Bc5 Rb8 38. axb4 axb4 39. h5 Rb7 40. Rg1 b3
41. Ba3 Rb8 1/2-1/2

[Event "III Festival Terre degli Elimi A"]
[Site "Erice ITA"]
[Date "2012.07.29"]
[Round "6"]
[White "Gangemi, Salvatore"]
[Black "Cannella, Simone"]
[WhiteElo "2048"]
[BlackElo "1800"]
[Result "1-0"]
[PlyCount "63"]
[EventDate "2012.07.25"]

1. c4 f5 2. g3 e6 3. Bg2 Nf6 4. Nf3 c6 5. O-O d5 6. d4 Bd6 7. Qc2 O-O 8. Nc3
Nbd7 9. Ng5 Qe7 10. cxd5 Nxd5 11. e4 Nxc3 12. bxc3 h6 13. Nh3 e5 14. exf5 exd4
15. Nf4 d3 16. Qb3+ Qf7 17. Ne6 Nc5 18. Nxc5 Bxc5 19. g4 Qxb3 20. axb3 Rd8 21.
Ra2 h5 22. h3 hxg4 23. hxg4 g6 24. Be4 gxf5 25. gxf5 Kf7 26. Rd1 Kf6 27. Ra5
Bb6 28. Ra4 Bxf5 29. Bxf5 Kxf5 30. Rf4+ Kg6 31. Rg4+ Kh7 32. Kg2 1-0

[Event "III Festival Terre degli Elimi A"]
[Site "Erice ITA"]
[Date "2012.07.29"]
[Round "6"]
[White "Guramishvili, Sopiko"]
[Black "Brunello, Marina"]
[WhiteElo "2400"]
[BlackElo "2240"]
[Result "1/2-1/2"]
[PlyCount "40"]
[EventDate "2012.07.25"]

1. c4 c5 2. Nc3 g6 3. g3 Bg7 4. Bg2 Nc6 5. e3 e6 6. Nge2 Nge7 7. O-O O-O 8. d4
cxd4 9. exd4 d5 10. cxd5 exd5 11. Bg5 Be6 12. Qd2 Re8 13. Nf4 Qd7 14. Rad1 Nxd4
15. Bxe7 Qxe7 16. Nfxd5 Qd6 17. Ne3 Rad8 18. Kh1 Qb6 19. Ncd5 Qd6 20. Qa5 Qb8
1/2-1/2

[Event "III Festival Terre degli Elimi A"]
[Site "Erice ITA"]
[Date "2012.07.29"]
[Round "6"]
[White "Ljubisavljevic, Zivojin Z."]
[Black "Marzaduri, Riccardo"]
[WhiteElo "2246"]
[BlackElo "1846"]
[Result "1-0"]
[PlyCount "69"]
[EventDate "2012.07.25"]

1. e4 Nc6 2. d4 d5 3. e5 f6 4. f4 Bf5 5. c3 Nh6 6. Nf3 Qd7 7. Be2 Be4 8. O-O
Nf5 9. Bd3 h5 10. Qe2 Bxd3 11. Qxd3 O-O-O 12. b4 h4 13. Nbd2 h3 14. g3 e6 15.
Nb3 Qf7 16. Kh1 Qg6 17. Ne1 fxe5 18. fxe5 Be7 19. b5 Rhf8 20. Bf4 Nb8 21. a4
Bg5 22. a5 Bxf4 23. gxf4 Nh4 24. Qxg6 Nxg6 25. Nd3 Rde8 26. Rf3 Rf5 27. Rg1 Ne7
28. Rxg7 b6 29. axb6 axb6 30. Rxh3 Kd8 31. Nbc1 Nd7 32. Ne2 Ref8 33. Nb4 Nb8
34. Rhh7 c5 35. bxc6 1-0

[Event "III Festival Terre degli Elimi A"]
[Site "Erice ITA"]
[Date "2012.07.29"]
[Round "6"]
[White "Lo Piccolo, Antonino"]
[Black "Ferro, Ferruccio"]
[WhiteElo "1862"]
[BlackElo "1714"]
[Result "1-0"]
[PlyCount "75"]
[EventDate "2012.07.25"]

1. d4 b6 2. e4 e6 3. Nc3 Bb7 4. a3 Nf6 5. Bd3 c5 6. Nf3 cxd4 7. Nxd4 Nc6 8.
Nxc6 Bxc6 9. Bg5 Be7 10. Qd2 h6 11. Bh4 Qc7 12. Bg3 Bd6 13. O-O Bxg3 14. hxg3
Rd8 15. Qe2 O-O 16. e5 Nd5 17. Nb5 Bxb5 18. Bxb5 f5 19. Bc4 Ne7 20. Rad1 Kh8
21. f4 Qc5+ 22. Kh2 Nc6 23. Rd6 b5 24. Bxb5 Nd4 25. Qc4 Qxb5 26. Rxd4 Qxb2 27.
Rfd1 Rc8 28. Qb3 Rxc2 29. Qxb2 Rxb2 30. Rxd7 Rc8 31. Rd8+ Rxd8 32. Rxd8+ Kh7
33. Rd7 a5 34. Ra7 Ra2 35. Rxa5 Kg8 36. a4 Kf7 37. Ra8 Kg6 38. a5 1-0

[Event "III Festival Terre degli Elimi A"]
[Site "Erice ITA"]
[Date "2012.07.29"]
[Round "6"]
[White "Melograni, Francesco"]
[Black "Monaco, Alessandro"]
[WhiteElo "1889"]
[BlackElo "1700"]
[Result "1-0"]
[PlyCount "115"]
[EventDate "2012.07.25"]

1. e4 d5 2. Nc3 dxe4 3. Nxe4 Nc6 4. Nf3 Bf5 5. Ng3 Bg6 6. d4 Nb4 7. Bd3 Bxd3 8.
cxd3 Nc6 9. Be3 g6 10. Qb3 Qd7 11. Ne5 Nxe5 12. dxe5 c6 13. O-O Bg7 14. f4 e6
15. Ne4 Bf8 16. Rac1 b6 17. Rfd1 Be7 18. Qa4 c5 19. Qxd7+ Kxd7 20. d4 c4 21.
Rxc4 Nh6 22. Kf1 Rac8 23. Rdc1 Rxc4 24. Rxc4 Nf5 25. Bg1 h5 26. Ke2 Nh6 27. Ra4
a5 28. Rc4 Rc8 29. Kd3 Rxc4 30. Kxc4 Kc6 31. Nc3 Nf5 32. a4 Nh4 33. d5+ exd5+
34. Nxd5 Bd8 35. Ne3 Be7 36. Bf2 Bc5 37. Bxh4 Bxe3 38. Bg5 Bc1 39. b3 Bd2 40.
g3 Be3 41. b4 axb4 42. Kxb4 Bg1 43. h3 Kd5 44. Kb5 Bf2 45. g4 hxg4 46. hxg4 Be3
47. Bd8 Bxf4 48. Bxb6 Bxe5 49. a5 f5 50. a6 Bb8 51. gxf5 gxf5 52. Bf2 Kd6 53.
Kb6 Ba7+ 54. Kxa7 Kc7 55. Bb6+ Kc6 56. Be3 Kc7 57. Bf4+ Kc8 58. Kb6 1-0

[Event "III Festival Terre degli Elimi A"]
[Site "Erice ITA"]
[Date "2012.07.29"]
[Round "6"]
[White "Milletari', Ruggero"]
[Black "Marzaduri, Marco R."]
[WhiteElo "1796"]
[BlackElo "1845"]
[Result "1-0"]
[PlyCount "97"]
[EventDate "2012.07.25"]

1. d4 d5 2. c4 e6 3. Nc3 Nf6 4. Bg5 Nbd7 5. e3 Be7 6. Nf3 O-O 7. Rc1 c6 8. Bd3
a6 9. a4 b6 10. O-O c5 11. cxd5 exd5 12. dxc5 bxc5 13. Bb1 Bb7 14. Ba2 h6 15.
Bh4 g5 16. Bg3 Nb6 17. a5 Nc8 18. Qb3 Bc6 19. Ne5 c4 20. Nxc6 cxb3 21. Nxd8
bxa2 22. Nc6 Bd6 23. Bxd6 Nxd6 24. Nxa2 Nc4 25. b4 Kg7 26. Ne7 Rfe8 27. Nxd5
Nd2 28. Nxf6 Kxf6 29. Rfd1 Red8 30. Nc3 Rac8 31. h3 Rd3 32. Rxd2 Rxd2 33. Nd5+
Rxd5 34. Rxc8 Rd1+ 35. Kh2 Rb1 36. Rc6+ Kg7 37. Rxa6 Rxb4 38. Ra8 Kf6 39. a6
Ra4 40. a7 h5 41. g3 Kf5 42. e4+ Kf6 43. Kg2 g4 44. hxg4 hxg4 45. e5+ Kf5 46.
e6 Kf6 47. exf7 Kxf7 48. Rh8 Rxa7 49. Rh7+ 1-0

[Event "III Festival Terre degli Elimi A"]
[Site "Erice ITA"]
[Date "2012.07.29"]
[Round "6"]
[White "Piazza, Dario"]
[Black "Bifulco, Michel"]
[WhiteElo "1829"]
[BlackElo "2040"]
[Result "1/2-1/2"]
[PlyCount "35"]
[EventDate "2012.07.25"]

1. d4 e6 2. Nf3 f5 3. Bg5 Be7 4. Bxe7 Qxe7 5. c3 b6 6. Nbd2 Bb7 7. Qc2 Nf6 8.
e3 O-O 9. Bd3 Kh8 10. O-O-O a5 11. e4 fxe4 12. Nxe4 Nxe4 13. Bxe4 Bxe4 14. Qxe4
Na6 15. Rhe1 Qf6 16. Re3 Qf5 17. Qh4 Qf6 18. Qh5 1/2-1/2

[Event "III Festival Terre degli Elimi A"]
[Site "Erice ITA"]
[Date "2012.07.29"]
[Round "6"]
[White "Rizza, Francesco"]
[Black "Lorito, Francesco"]
[WhiteElo "2039"]
[BlackElo "1749"]
[Result "0-1"]
[PlyCount "54"]
[EventDate "2012.07.25"]

1. d4 Nf6 2. c4 c5 3. d5 b5 4. cxb5 a6 5. b6 d6 6. Nc3 Nbd7 7. Nf3 g6 8. e4 Bg7
9. Be2 O-O 10. O-O Qxb6 11. Nd2 Bb7 12. a4 Rad8 13. a5 Qc7 14. Qc2 e6 15. Bc4
Ne5 16. b3 exd5 17. exd5 Rfe8 18. Bb2 Re7 19. f3 Rde8 20. Nde4 Bc8 21. Qd2 Nfd7
22. Rfe1 Nxc4 23. bxc4 Ne5 24. Nxd6 Qxd6 25. Ne4 Qd8 26. d6 Re6 27. Qc3 Nxf3+
0-1

[Event "III Festival Terre degli Elimi A"]
[Site "Erice ITA"]
[Date "2012.07.29"]
[Round "6"]
[White "Santagati, Alessandro"]
[Black "Palazzotto, Giuseppe"]
[WhiteElo "2230"]
[BlackElo "1893"]
[Result "1-0"]
[PlyCount "51"]
[EventDate "2012.07.25"]

1. d4 d5 2. Nc3 Nf6 3. Bg5 Nbd7 4. g3 b6 5. Bg2 Bb7 6. Nf3 e6 7. O-O Be7 8. Ne1
O-O 9. Nd3 c5 10. e3 Qc7 11. Nb5 Qc6 12. c4 h6 13. Bxf6 Bxf6 14. Nc3 cxd4 15.
cxd5 Qc4 16. exd4 Bxd5 17. Nxd5 exd5 18. Ne5 Bxe5 19. dxe5 Rae8 20. Bxd5 Qb5
21. f4 Nxe5 22. fxe5 Qxb2 23. Bxf7+ Rxf7 24. Qd5 Ref8 25. Rxf7 Rxf7 26. Rf1 1-0

[Event "III Festival Terre degli Elimi A"]
[Site "Erice ITA"]
[Date "2012.07.29"]
[Round "6"]
[White "Todaro, Adriano"]
[Black "Bertino, Giacomo"]
[WhiteElo "1550"]
[BlackElo "1987"]
[Result "1/2-1/2"]
[PlyCount "107"]
[EventDate "2012.07.25"]

1. e4 d5 2. exd5 Nf6 3. d4 Bg4 4. Be2 Bxe2 5. Qxe2 Qxd5 6. Nf3 c6 7. c4 Qf5 8.
Nc3 Nbd7 9. O-O O-O-O 10. b4 e6 11. Nh4 Qg4 12. Qxg4 Nxg4 13. Rb1 Nb6 14. c5
Nd5 15. Ne4 h6 16. h3 Ngf6 17. Nxf6 gxf6 18. Rb3 Be7 19. a4 a6 20. b5 axb5 21.
axb5 cxb5 22. Be3 Nc7 23. Rc1 Rd5 24. Ra1 Kd7 25. Ra7 Kc6 26. Nf3 h5 27. Ne1
Rdd8 28. Nc2 Rb8 29. Nb4+ Kd7 30. Bf4 e5 31. Bh2 Rhc8 32. Rxb7 Rxb7 33. c6+ Ke6
34. cxb7 Rb8 35. dxe5 fxe5 36. Bxe5 Rxb7 37. Nd3 Nd5 38. Bd4 Kf5 39. g4+ hxg4
40. hxg4+ Kg5 41. Kg2 f6 42. f3 b4 43. Bc5 Bxc5 44. Nxc5 Rb5 45. Ne4+ Kf4 46.
Nd6 Rc5 47. Ne8 Ne3+ 48. Kh3 Kxf3 49. Nxf6 Rc1 50. Kh4 Rc4 51. Kh5 Kf4 52. g5
Rd4 53. g6 Nf5 54. Rxb4 1/2-1/2

[Event "III Festival Terre degli Elimi A"]
[Site "Erice ITA"]
[Date "2012.07.29"]
[Round "6"]
[White "Wallace, Mitchel"]
[Black "La Franca, Vincenzo"]
[WhiteElo "1852"]
[BlackElo "1637"]
[Result "0-1"]
[PlyCount "120"]
[EventDate "2012.07.25"]

1. e4 Nf6 2. Nc3 d5 3. exd5 Nxd5 4. Nf3 Nxc3 5. bxc3 e6 6. d4 Be7 7. Bd3 Nd7 8.
O-O Nf6 9. c4 c5 10. c3 O-O 11. Qc2 h6 12. Bf4 Nh5 13. Be5 Bd6 14. Bg3 Nf4 15.
Rad1 Qc7 16. Rfe1 Nxd3 17. Rxd3 Bxg3 18. hxg3 b6 19. Red1 e5 20. Qe2 Bf5 21.
R3d2 exd4 22. cxd4 Rfe8 23. Qf1 cxd4 24. Rxd4 Rad8 25. g4 Rxd4 26. Rxd4 Be6 27.
Qd3 Qc8 28. g5 hxg5 29. Nxg5 Bf5 30. Qg3 Qb8 31. Rf4 Bg6 32. Nf3 Qc8 33. Rh4
Re4 34. Ne5 Rxh4 35. Qxh4 Qf5 36. Qd8+ Kh7 37. Qh4+ Qh5 38. Qxh5+ Bxh5 39. f3
f6 40. Nc6 a5 41. Ne7 Bf7 42. Nd5 Bxd5 43. cxd5 Kg6 44. g4 Kf7 45. Kf2 Ke7 46.
Ke3 b5 47. Kd3 Kd6 48. Kd4 g6 49. f4 a4 50. g5 f5 51. Kc3 Kxd5 52. Kb4 Kc6 53.
Ka5 Kc5 54. a3 Kc4 55. Kb6 b4 56. axb4 Kxb4 57. Kc6 a3 58. Kd6 a2 59. Ke6 a1=Q
60. Kf7 Qa6 0-1

[Event "III Festival Terre degli Elimi A"]
[Site "Erice ITA"]
[Date "2012.07.29"]
[Round "7"]
[White "Bertino, Giacomo"]
[Black "Spina, Simonpietro"]
[WhiteElo "1987"]
[BlackElo "1730"]
[Result "1/2-1/2"]
[PlyCount "62"]
[EventDate "2012.07.25"]

1. d4 Nf6 2. c4 d6 3. g3 g6 4. Bg2 c6 5. Nc3 Bg7 6. Nf3 O-O 7. O-O Bg4 8. h3
Bxf3 9. Bxf3 Nbd7 10. Qc2 Qc7 11. b4 a6 12. Bd2 Rac8 13. a4 e6 14. Rfc1 b6 15.
Qa2 c5 16. bxc5 bxc5 17. d5 exd5 18. Bxd5 Nxd5 19. Nxd5 Qd8 20. Rab1 Rb8 21.
Bc3 Bxc3 22. Rxc3 Qg5 23. Rcc1 Rxb1 24. Rxb1 Rb8 25. Rxb8+ Nxb8 26. Qb2 Nd7 27.
Kg2 Qe5 28. Qb7 Qe4+ 29. Kh2 Qxe2 30. Qxd7 Qxf2+ 31. Kh1 Qf1+ 1/2-1/2

[Event "III Festival Terre degli Elimi A"]
[Site "Erice ITA"]
[Date "2012.07.29"]
[Round "7"]
[White "Bifulco, Michel"]
[Black "Marzaduri, Riccardo"]
[WhiteElo "2040"]
[BlackElo "1846"]
[Result "1/2-1/2"]
[PlyCount "54"]
[EventDate "2012.07.25"]

1. d4 Nf6 2. Nf3 g6 3. c4 Bg7 4. g3 d6 5. Bg2 O-O 6. Nc3 Nbd7 7. O-O c6 8. e4
Qc7 9. h3 e5 10. Be3 Rd8 11. Rc1 Nf8 12. Qd2 Qe7 13. Rfd1 exd4 14. Nxd4 Ne6 15.
f4 Nh5 16. Kh2 Nxd4 17. Bxd4 Be6 18. Bxg7 Nxg7 19. Qd4 f6 20. Re1 Bf7 21. b3
Ne6 22. Qd2 Nc5 23. b4 Nd7 24. Na4 Nb6 25. Nxb6 axb6 26. Rc2 Ra4 27. Re3 c5
1/2-1/2